| 000 | 00554nam a2200193Ia 4500 | ||
|---|---|---|---|
| 005 | 20250923145608.0 | ||
| 008 | 008 250917s9999 xx 000 0 eng d | ||
| 037 | _aTextual | ||
| 040 |
_aDSWL _beng _cDSWL |
||
| 041 |
_aeng _2eng |
||
| 084 |
_aX.4sN81, N82 _qDSWL |
||
| 245 | 0 |
_aEconomic and social survey of Asia in the Pacific 1981 _c by United Nations |
|
| 260 |
_aHongkok _bEscap _c1982 |
||
| 300 | _ax,151 p. | ||
| 365 |
_aINR _b118.16 |
||
| 925 | _g118.16 | ||
| 942 |
_cTEXL _hX.4sN81, N82 |
||
| 999 |
_c1453277 _d1453277 |
||